Constitucionalismo y positivismo

Bibliographic Details
Main Author: Prieto Sanchs̕, Luis
Format: eBook
Language:Spanish
Published: Lima: Palestra Editores, 2018
Subjects:
Online Access:Acceso restringido

MARC

LEADER 00000nam a22000007a 4500
005 20190814133532.0
007 cr|||| ||||
008 190814s2018 pe |||||s|||| 00||0 spa d
020 |a 978-612-4218-86-6 
035 |a 24052 
040 |a vLex 
090 |c 9188  |d 9188 
100 1 |a Prieto Sanchs̕, Luis 
245 1 0 |a Constitucionalismo y positivismo  |h [Recurso electrn̤ico] /  |c Luis Prieto Sanchs̕ 
256 |a Servicio en ln̕ea 
260 |a Lima:  |b Palestra Editores,  |c 2018 
300 |a 1 recurso electrn̤ico 
506 1 |a Disponible solo en los productos indicados  |d vLex Global  |d vLex Global (Academic Edition, excluding Law Schools)  |d vLex Global (U.S. Academic Edition, Law Schools)  |d vLex Global (U.S. Academic Edition, excluding Law Schools)  |d vLex Global (Academic Edition, Law Schools) 
650 0 4 |a Derecho Constitucional  |z Per︢ 
740 0 |a vLex Libros (Servicio en ln̕ea) 
856 4 0 |u http://vlex.com/source/constitucionalismo-positivismo-24052  |z Acceso restringido 
942 |c BOOK 
999 0 |a Constitutional right